000 01672nam a22003497a 4500
003 CHAP
005 20220329134837.0
008 971013s1964 r 10010 eng d
010 _a26834
011 _a27806
035 _a31907
040 _cCHAP
082 0 4 _a631.4063
_bC65 1964
111 0 0 _aCongreso Internacional de la Ciencia del Suelo (
_n8
_d: 1964
_c: Bucarest)
_926772
245 1 _aAbstracts of papers
260 _aBucarest :
_bHome of the Academy of the R.P.R.,
_c1964
300 _a8 v.
505 0 _aContenido: v.1 Soil physics. -- v.2 Soil chemistry. -- v.3 Soil biology. -- v.4 Soil fertility and plant nutrition. -- v.5 Soil fenesis, classification and cartography. -- v.6 Soil mineralogy. -- v.7 Soil technology. -- v.8 Symposium. Biochemical proble
590 _aBATCH-UPD
_b10
_c20130110
_lUCH01
_h1523
590 _aCONVERSION
_b10
_c20130109
_lUCH01
_h1315
650 1 4 _aSuelos
_xCongresos.
_9110281
901 _aBK
942 _cLIBRO
949 _a631.4063 C65 1964
_bBC
_cLIBRO
_d33724000065058
_eLIBRO
_fv.7
_h21162
_i31907
_si
949 _a631.4063 C65 1964
_bBC
_cLIBRO
_d33724000065066
_eLIBRO
_fv.6
_h21161
_i31907
_si
949 _a631.4063 C65 1964
_bBC
_cLIBRO
_d33724000065074
_eLIBRO
_fv.5
_i31907
_si
949 _a631.4063 C65 1964
_bBC
_cLIBRO
_d33724000065082
_eLIBRO
_fv.4
_h21160
_i31907
_si
949 _a631.4063 C65 1964
_bBC
_cLIBRO
_d33724000065090
_eLIBRO
_fv.3
_h21159
_i31907
_si
949 _a631.4063 C65 1964
_bBC
_cLIBRO
_d33724000065108
_eLIBRO
_fv.2
_h21158
_i31907
_si
949 _a631.4063 C65 1964
_bBC
_cLIBRO
_d33724000065116
_eLIBRO
_fv.1
_h21157
_i31907
_si
949 _a631.4063 C65 1964
_bBC
_cLIBRO
_d33724000065124
_eLIBRO
_fv.8
_h21163
_i31907
_si
999 _c26834
_d26834